Eléments de droit civil germanique

Saved in:
Bibliographic Details
Main Author: Lehr, Ernest (Author)
Format: Book
Language:French
Published: París E. Plon 1875
Subjects:
Tags: Add Tag
No Tags, Be the first to tag this record!

MARC

LEADER 00000nam a2200000 a 4500
001 UCS1221
003 CL-VaPUC
008 970509e18750000FR |||||||||||||||||fre|d
082 0 4 |a 346.43  |b LEH  |2 21 
100 |a Lehr, Ernest  |e author  |9 479937 
245 1 0 |a Eléments de droit civil germanique 
300 |a 464 p 
942 |c BK 
945 |d 19970509 00:00:00  |a paguirre 
260 |a París  |b E. Plon  |c 1875 
650 0 |a Derecho civil  |9 255013 
650 0 |a Jurisprudencia  |9 255952 
650 0 |a Tribunales  |9 254872 
650 7 |a LEY  |2 CL-VaPUC  |9 385499 
650 0 |a Bienes  |9 255749 
650 0 |a Posesión   |9 258681 
650 0 |a Bienes raíces  |9 307158 
650 7 |a SERVIDUMBRES  |2 CL-VaPUC  |9 256762 
650 0 |a Contratos  |9 255153 
650 0 |a Obligaciones   |9 255578 
650 0 |a Derecho de familia  |9 255603 
650 0 |a Filiación  |9 256647 
650 0 |a Derecho sucesorio  |9 255015 
651 0 |a Alemania  |9 255688 
583 |a last modification  |c 19970509 00:00:00  |k Rodrigo Vera 
999 |c 259321  |d 259319 
952 |0 0  |1 0  |4 0  |6 346_430000000000000_LEH_1875  |7 0  |8 X  |9 283983  |a BIBDER  |b BIBDER  |d 2019-11-19  |i 1841718  |o 346.43 LEH 1875  |p 1841718  |r 2023-01-25  |w 2019-11-19  |y BK_X  |k DER